A descriptive catalogue of Sanskrit manuscripts in the collections of the Sanskrit College, (Record no. 56868)
[ view plain ]
| 000 -LEADER | |
|---|---|
| fixed length control field | 01012cam a22002891 4500 |
| 001 - CONTROL NUMBER | |
| control field | sa 64001699 |
| 003 - CONTROL NUMBER IDENTIFIER | |
| control field | DLC |
| 005 - DATE AND TIME OF LATEST TRANSACTION | |
| control field | 20260227112004.0 |
| 008 - FIXED-LENGTH DATA ELEMENTS--GENERAL INFORMATION | |
| fixed length control field | 790531m19639999ii 000 0 eng |
| 010 ## - LIBRARY OF CONGRESS CONTROL NUMBER | |
| LC control number | sa 64001699 |
| 025 ## - OVERSEAS ACQUISITION NUMBER | |
| Overseas acquisition number | PL480: I-San-195 |
| 035 ## - SYSTEM CONTROL NUMBER | |
| System control number | (OCoLC)5019104 |
| 040 ## - CATALOGING SOURCE | |
| Original cataloging agency | DLC |
| Transcribing agency | NIC |
| Modifying agency | DLC |
| 042 ## - AUTHENTICATION CODE | |
| Authentication code | premarc |
| 050 00 - LIBRARY OF CONGRESS CALL NUMBER | |
| Classification number | Z6605.S3 |
| Item number | C3 |
| 110 2# - MAIN ENTRY--CORPORATE NAME | |
| Corporate name or jurisdiction name as entry element | Sanskrit College (Kolkata, India) |
| 245 12 - TITLE STATEMENT | |
| Title | A descriptive catalogue of Sanskrit manuscripts in the collections of the Sanskrit College, |
| Statement of responsibility, etc. | by Birajmohan Tarka-Vedantatirtha and Jagadish Chandra Tarkatirtha. |
| 260 ## - PUBLICATION, DISTRIBUTION, ETC. | |
| Place of publication, distribution, etc. | Calcutta, |
| Date of publication, distribution, etc. | 1963- |
| 300 ## - PHYSICAL DESCRIPTION | |
| Extent | v. |
| Dimensions | 26 cm. |
| 490 1# - SERIES STATEMENT | |
| Series statement | Its Studies |
| Volume/sequential designation | no. 9 |
| 490 0# - SERIES STATEMENT | |
| Series statement | Calcutta Sanskrit College Research series, |
| Volume/sequential designation | no. 20 |
| 650 #0 - SUBJECT ADDED ENTRY--TOPICAL TERM | |
| Topical term or geographic name entry element | Manuscripts, Sanskrit |
| Form subdivision | Catalogs. |
| 700 1# - ADDED ENTRY--PERSONAL NAME | |
| Personal name | Birajmohan, |
| Relator term | ed. |
| 700 1# - ADDED ENTRY--PERSONAL NAME | |
| Personal name | Chandra, Jagadish, |
| Relator term | ed. |
| 830 #0 - SERIES ADDED ENTRY--UNIFORM TITLE | |
| Uniform title | Calcutta Sanskrit College research series. |
| Name of part/section of a work | Studies ; |
| Volume/sequential designation | no. 9. |
| 830 #0 - SERIES ADDED ENTRY--UNIFORM TITLE | |
| Uniform title | Calcutta Sanskrit College research series ; |
| Volume/sequential designation | no. 20. |
No items available.